The task ahead (Record no. 82155)

MARC details
000 -LEADER
fixed length control field 01235cab a22002295a 4500
001 - CONTROL NUMBER
control field L149360
008 - FIXED-LENGTH DATA ELEMENTS--GENERAL INFORMATION
fixed length control field 100224e2010 xxk 000 0 eng d
035 ## - SYSTEM CONTROL NUMBER
System control number (Sirsi) u149360
041 0# - LANGUAGE CODE
Language code of text/sound track or separate title eng
100 1# - MAIN ENTRY--PERSONAL NAME
Personal name Thorne, Chris
245 04 - TITLE STATEMENT
Title The task ahead
Remainder of title improving valuation standards
Medium [electronic resource]
260 ## - PUBLICATION, DISTRIBUTION, ETC.
Date of publication, distribution, etc. 2010
490 ## - SERIES STATEMENT
Series statement RICS Commercial Property Journal
Volume/sequential designation February-March 2010, 5 (1)
520 ## - SUMMARY, ETC.
Summary, etc. Commenting on the challenge that valuation still faces to establish itself as a global profession alongside accountancy and the law. The International Valuation Standards Council (IVSC) profession recognises that, although a framework of globally accepted valuation standards are applicable to all classes of asset and liabilities are an essential prerequisite to building a credible valuation profession, this on its own is not enough.
590 ## - LOCAL NOTE (RLIN)
Local note ka
650 24 - SUBJECT ADDED ENTRY--TOPICAL TERM
Topical term or geographic name entry element INTERNATIONAL VALUATION STANDARDS COUNCIL (IVSC)
650 24 - SUBJECT ADDED ENTRY--TOPICAL TERM
Topical term or geographic name entry element INTERNATIONAL VALUATION STANDARDS
651 #4 - SUBJECT ADDED ENTRY--GEOGRAPHIC NAME
Geographic name United Kingdom
Chronological subdivision
690 ## - LOCAL SUBJECT ADDED ENTRY--TOPICAL TERM (OCLC, RLIN)
Topical term or geographic name as entry element PROPERTY-PROPERTY APPRAISAL AND VALUATION
856 48 - ELECTRONIC LOCATION AND ACCESS
Uniform Resource Identifier <a href="https://www.rics.org/site/download_feed.aspx?fileID=5760&fileExtension=PDF">https://www.rics.org/site/download_feed.aspx?fileID=5760&fileExtension=PDF</a>
Public note View this item (member-only access) at www.rics.org
942 ## - ADDED ENTRY ELEMENTS (KOHA)
Suppress in OPAC 0
Holdings
Withdrawn status Lost status Source of classification or shelving scheme Damaged status Not for loan Home library Current library Shelving location Date acquired Total Checkouts Full call number Barcode Date last seen Copy number Price effective from Koha item type
    Dewey Decimal Classification     Virtual Virtual Online 24/02/2010   ONLINE PUBLICATION 149360-2001 06/08/2019 1 06/08/2019 Journal article